Tilastot visalle Varsovan liiton jäsenvaltiot

Klikkaa tästä pelataksesi tätä visaa!

Yleistilastot

  • Tätä visaa on pelattu 348 kertaa
  • Keskiarvotulos 6 / 8

Vastaustilastot

Valtio% Oikein
Puola
96%
Unkari
85%
Neuvostoliitto
83%
Romania
83%
Bulgaria
79%
Tšekkoslovakia
77%
Itä-Saksa
65%
Albania
64%

Tulosjakauma

Persentiili vastausten määrän mukaan

Jokaisen tuloksen saaneiden osuus

Tuloshistoriasi

Et ole pelannut tätä visaa